00735cam a2200253Mc 4500001001300000005001700013007000300030008004100033020002700074020001500101035004100116040004400157041000800201080001200209080001400221100002300235245005700258250002000315260004400335300004400379546002200423650002300445650001300468on100582314820180531084401.0ta180531s2018 nyua 001 0 eng d a9781259616020 (6a.Ed.) a1259616029 a(OCoLC)1005823148z(OCoLC)1026380317 aCo-BoUCMbspacSaul NiñodSaul Niño0 aeng a575.113 a575220151 aBrooker, Robert J.10aGeneticsbanalysis and PrinciplescRobert J. Brooker aSexta edición aNew YorkbMcGraw Hill Educationc[2018] axiv, 759, [90] páginasbilustraciones aTexto en inglés 7aGenética humana  7aGenomas